Applications of the Integrated Activity-Based Costing and Economic Value Added Model to manufacturing firms (Record no. 34533)

MARC details
000 -LEADER
fixed length control field 00611nam a2200145 a 4500
008 - FIXED-LENGTH DATA ELEMENTS--GENERAL INFORMATION
fixed length control field 101102s2006 ||||||||||||||||| || |
050 ## - LIBRARY OF CONGRESS CALL NUMBER
Classification number CBU-SB(05)JB
100 ## - MAIN ENTRY--PERSONAL NAME
Personal name Mungule, Oswald
245 10 - TITLE STATEMENT
Title Applications of the Integrated Activity-Based Costing and Economic Value Added Model to manufacturing firms
260 ## - PUBLICATION, DISTRIBUTION, ETC.
Place of publication, distribution, etc. Kitwe
Name of publisher, distributor, etc. Copperbelt University School of Business
Date of publication, distribution, etc. 2006
300 ## - PHYSICAL DESCRIPTION
Extent 99-113pp.
350 ## - PRICE (NR) (BK AM CF MU VM SE) [OBSOLETE]
Price 0.00
650 #0 - SUBJECT ADDED ENTRY--TOPICAL TERM
Topical term or geographic name entry element BUSINESS
995 ## - RECOMMENDATION 995 [LOCAL, UNIMARC FRANCE]
-- 0.00
-- CBU-MAIN LIBRARY (Kitwe)
-- 1
-- 0.00
-- 1
-- AVAILABLE
-- Nov 2, 2010
-- International Publications
Holdings
Withdrawn status Lost status Source of classification or shelving scheme Damaged status Not for loan Home library Current library Shelving location Date acquired Total Checkouts Full call number Barcode Date last seen Price effective from Koha item type
          CBU-MAIN LIBRARY, KITWE. CBU-MAIN LIBRARY, KITWE.   11/30/2022   CBU-SB(05)JB Z03007339 11/30/2022 11/30/2022 MONOGRAPH